| 000 | 00677nam a22002057a 4500 | ||
|---|---|---|---|
| 003 | NALT | ||
| 005 | 20211022202734.0 | ||
| 008 | s2545 th tha d | ||
| 020 | _a9747804832 | ||
| 040 | _aNALT | ||
| 041 | _atha | ||
| 050 | _aDS578.32 ก785ห | ||
| 100 | 0 | _aเกษม ศิริสัมพันธ์ | |
| 245 | 1 | 0 | _aเหลียวมองหลัง |
| 260 | 3 |
_aกรุงเทพฯ : _bภัคธรรศ, _c2545 |
|
| 300 |
_a287 หน้า : _bภาพประกอบ ; _c21 ซม. |
||
| 650 | 0 | 4 | _aเกษม ศิริสัมพันธ์ -- ชีวประวัติ |
| 850 | _aNALT | ||
| 942 |
_cGB _2lcc |
||
| 999 |
_c43138 _d43138 |
||
| 998 |
_j109 _k อารีรัตน์ วิชาช่าง |
||